[Event "Ïåðâåíñòâî Ìîñêâû ïî øàõìàòàì 2015 ñðåäè ìàëü÷èêîâ (Ì19)"]
[Site "Moscow"]
[Date "2015.11.14"]
[Round "3.7"]
[White "Ìàòþíèí, Âëàäèñëàâ"]
[Black "Ãðèãîðüÿíö, Îëåã"]
[Result "1-0"]
[WhiteElo "2062"]
[BlackElo "1741"]
[PlyCount "0"]
[EventDate "2015.11.12"]


1. d4 {[%clk 1:30:58]} d5 {[%clk 1:29:15]} 2. c4 {[%clk 1:31:23]} e6
{[%clk 1:29:43]} 3. Nc3 {[%clk 1:31:47]} Nf6 {[%clk 1:30:10]} 4. cxd5
{[%clk 1:32:13]} exd5 {[%clk 1:30:38]} 5. Bg5 {[%clk 1:32:10]} Be7
{[%clk 1:31:03]} 6. e3 {[%clk 1:32:36]} O-O {[%clk 1:31:27]} 7. Bd3
{[%clk 1:32:46]} b6 {[%clk 1:31:51]} 8. Bxf6 {[%clk 1:29:04]} Bxf6
{[%clk 1:32:14]} 9. Qh5 {[%clk 1:29:27]} g6 {[%clk 1:32:02]} 10. Qxd5
{[%clk 1:29:47]} c6 {[%clk 1:32:19]} 11. Qxd8 {[%clk 1:30:10]} Rxd8
{[%clk 1:32:24]} 12. Nge2 {[%clk 1:28:09]} Bb7 {[%clk 1:32:31]} 13. Be4
{[%clk 1:27:14]} Nd7 {[%clk 1:32:09]} 14. O-O {[%clk 1:27:26]} Rac8
{[%clk 1:32:30]} 15. Rfd1 {[%clk 1:26:40]} Ba6 {[%clk 1:32:10]} 16. Rd2
{[%clk 1:20:27]} Ne5 {[%clk 1:22:19]} 17. Rad1 {[%clk 1:18:02]} Nc4
{[%clk 1:22:40]} 18. Bd3 {[%clk 1:16:56]} Nxd2 {[%clk 1:21:21]} 19. Bxa6
{[%clk 1:16:13]} Rb8 {[%clk 1:21:04]} 20. Bd3 {[%clk 1:12:59]} c5
{[%clk 1:17:13]} 21. d5 {[%clk 1:13:02]} b5 {[%clk 1:12:04]} 22. Rxd2
{[%clk 1:13:16]} c4 {[%clk 1:11:24]} 23. Bb1 {[%clk 1:12:01]} b4 {[%clk 1:10:32]}
24. Ne4 {[%clk 1:10:01]} Bg7 {[%clk 1:10:16]} 25. f3 {[%clk 1:07:43]} f5
{[%clk 1:01:47]} 26. Ng5 {[%clk 0:58:37]} c3 {[%clk 1:00:54]} 27. Rd1
{[%clk 0:58:27]} Rdc8 {[%clk 0:51:22]} 28. Bc2 {[%clk 0:58:36]} b3
{[%clk 0:42:49]} 29. Bxb3 {[%clk 0:57:45]} c2 {[%clk 0:43:09]} 30. Rc1
{[%clk 0:57:32]} Rxb3 {[%clk 0:38:23]} 31. axb3 {[%clk 0:56:04]} Bxb2
{[%clk 0:38:50]} 32. Kf2 {[%clk 0:56:11]} Bxc1 {[%clk 0:38:46]} 33. Nxc1
{[%clk 0:56:25]} Rb8 {[%clk 0:31:31]} 34. Ke2 {[%clk 0:56:26]} Kg7
{[%clk 0:30:16]} 35. e4 {[%clk 0:55:51]} h6 {[%clk 0:30:16]} 36. Ne6+
{[%clk 0:55:44]} Kf6 {[%clk 0:30:30]} 37. Nd4 {[%clk 0:55:55]} fxe4
{[%clk 0:29:35]} 38. fxe4 {[%clk 0:56:14]} Rf8 {[%clk 0:20:39]} 39. Ke3
{[%clk 0:56:20]} a6 {[%clk 0:20:07]} 40. Nxc2 {[%clk 0:55:46]} g5
{[%clk 0:19:32]} 41. Nd3 {[%clk 0:56:07]} Ke7 {[%clk 0:19:39]} 42. Nd4
{[%clk 0:56:31]} Kd6 {[%clk 0:19:38]} 43. Nf5+ {[%clk 0:56:54]} Kc7
{[%clk 0:19:55]} 44. d6+ {[%clk 0:57:15]} Kc6 {[%clk 0:19:50]} 45. Ne5+
{[%clk 0:57:38]} Kb5 {[%clk 0:20:01]} 46. d7 {[%clk 0:58:03]} Kb4
{[%clk 0:20:14]} 47. Nd6 {[%clk 0:58:26]} 1-0

[Event "Ïåðâåíñòâî Ìîñêâû ïî øàõìàòàì 2015 ñðåäè ìàëü÷èêîâ (Ì19)"]
[Site "Moscow"]
[Date "2015.11.14"]
[Round "3.8"]
[White "Ãàðàíèí, Äàíèèë"]
[Black "Òèòîâ, Åâãåíèé"]
[Result "0-1"]
[WhiteElo "1659"]
[BlackElo "2057"]
[PlyCount "0"]
[EventDate "2015.11.12"]

1. c4 e5 2. g3 Nf6 3. Bg2 Bc5 4. e3 O-O 5. Ne2 Re8 6. d4 exd4 7. exd4 Bb4+ 8.
Nbc3 d5 9. cxd5 Bg4 10. f3 Nxd5 11. O-O Be6 12. a3 Nxc3 13. bxc3 Bc4 14. Qc2 Rxe2
15. Bd2 Rxg2+ 0-1

[Event "Ïåðâåíñòâî Ìîñêâû ïî øàõìàòàì 2015 ñðåäè ìàëü÷èêîâ (Ì19)"]
[Site "Moscow"]
[Date "2015.11.14"]
[Round "3.9"]
[White "Ïîñèöåëüñêèé, Äìèòðèé"]
[Black "Áàãäàñàðîâ, Ýäóàðä"]
[Result "1/2-1/2"]
[WhiteElo "1747"]
[BlackElo "2003"]
[PlyCount "0"]
[EventDate "2015.11.12"]


1. e4 {[%clk 1:30:55]} c6 {[%clk 1:22:15]} 2. d4 {[%clk 1:31:46]} d5
{[%clk 1:20:02]} 3. exd5 {[%clk 1:32:01]} cxd5 {[%clk 1:20:29]} 4. c4
{[%clk 1:32:24]} Nf6 {[%clk 1:20:21]} 5. Nc3 {[%clk 1:32:48]} e6 {[%clk 1:19:29]}
6. cxd5 {[%clk 1:33:06]} Nxd5 {[%clk 1:19:28]} 7. Bd3 {[%clk 1:33:28]} Nc6
{[%clk 1:18:21]} 8. Nf3 {[%clk 1:33:44]} Be7 {[%clk 1:18:19]} 9. O-O
{[%clk 1:33:58]} O-O {[%clk 1:17:52]} 10. Re1 {[%clk 1:34:20]} Bf6
{[%clk 1:17:48]} 11. Be4 {[%clk 1:34:38]} Nde7 {[%clk 1:12:43]} 12. Qd3
{[%clk 1:15:34]} g6 {[%clk 1:09:55]} 13. Bh6 {[%clk 1:15:02]} Re8
{[%clk 1:05:12]} 14. Rad1 {[%clk 1:13:30]} a6 {[%clk 0:56:07]} 15. Qe3
{[%clk 0:52:43]} Bd7 {[%clk 0:49:46]} 16. Qf4 {[%clk 0:41:17]} Bh8
{[%clk 0:46:14]} 17. d5 {[%clk 0:29:43]} e5 {[%clk 0:44:33]} 18. Qh4
{[%clk 0:20:25]} Nd4 {[%clk 0:45:00]} 19. Bg5 {[%clk 0:20:08]} Bc8
{[%clk 0:45:16]} 20. Nxd4 {[%clk 0:14:16]} exd4 {[%clk 0:45:19]} 21. Ne2
{[%clk 0:14:14]} Qd6 {[%clk 0:41:14]} 22. Bxe7 {[%clk 0:02:59]} Rxe7
{[%clk 0:31:35]} 23. Bf3 {[%clk 0:03:22]} Bd7 {[%clk 0:26:23]} 24. Rd2
{[%clk 0:01:49]} Bf6 {[%clk 0:21:46]} 25. Qg3 {[%clk 0:02:07]} Be5
{[%clk 0:17:49]} 26. Qh4 {[%clk 0:02:29]} Rae8 {[%clk 0:14:39]} 27. Red1
{[%clk 0:02:14]} Bf6 {[%clk 0:12:38]} 28. Qg3 {[%clk 0:02:11]} Be5
{[%clk 0:12:33]} 29. Qh4 {[%clk 0:02:21]} d3 {[%clk 0:09:07]} 30. Rxd3
{[%clk 0:01:49]} Bb5 {[%clk 0:08:45]} 31. Re3 {[%clk 0:01:41]} Bf6
{[%clk 0:07:16]} 32. Qf4 {[%clk 0:01:23]} Be5 {[%clk 0:06:43]} 33. Qh4
{[%clk 0:01:44]} Bxb2 {[%clk 0:05:22]} 34. Rd2 {[%clk 0:00:43]} Rxe3
{[%clk 0:02:29]} 35. fxe3 {[%clk 0:01:01]} Bxe2 {[%clk 0:01:21]} 36. Rxe2
{[%clk 0:01:10]} Qc5 {[%clk 0:00:43]} 37. Qf2 {[%clk 0:01:17]} Bc1
{[%clk 0:00:50]} 38. e4 {[%clk 0:01:33]} Qa3 {[%clk 0:00:44]} 39. Qe1
{[%clk 0:01:48]} Rc8 {[%clk 0:00:56]} 40. Qf2 {[%clk 0:01:36]} Rc3
{[%clk 0:00:55]} 41. Qf1 {[%clk 0:01:22]} Be3+ {[%clk 0:00:41]} 42. Kh1
{[%clk 0:01:50]} Qb4 {[%clk 0:00:55]} 43. Re1 {[%clk 0:02:07]} Bd4
{[%clk 0:00:45]} 44. e5 {[%clk 0:02:12]} Rc2 {[%clk 0:00:51]} 45. Re2
{[%clk 0:02:06]} Rc3 {[%clk 0:00:40]} 46. e6 {[%clk 0:01:38]} fxe6
{[%clk 0:00:57]} 47. dxe6 {[%clk 0:01:57]} Be3 {[%clk 0:01:19]} 48. Bd5
{[%clk 0:01:02]} Kg7 {[%clk 0:01:08]} 49. h3 Qd4 50. Qf7+ Kh6 51. Qf8+ Kh5 52.
Bf3+ Kg5 {[%clk 0:00:03]} 53. Bd5 1/2-1/2

[Event "Ïåðâåíñòâî Ìîñêâû ïî øàõìàòàì 2015 ñðåäè ìàëü÷èêîâ (Ì19)"]
[Site "Moscow"]
[Date "2015.11.14"]
[Round "3.10"]
[White "Âèõàðåâ, Àëåêñåé"]
[Black "Õðèïà÷, Ãåîðãèé"]
[Result "1-0"]
[WhiteElo "2055"]
[BlackElo "1715"]
[PlyCount "0"]
[EventDate "2015.11.12"]


1. e4 {[%clk 1:30:54]} e6 {[%clk 1:30:48]} 2. d4 {[%clk 1:31:18]} b6
{[%clk 1:31:15]} 3. Nf3 {[%clk 1:30:08]} Bb7 {[%clk 1:31:41]} 4. Bd3
{[%clk 1:30:01]} c5 {[%clk 1:32:04]} 5. c3 {[%clk 1:28:58]} Nf6 {[%clk 1:32:29]}
6. Qe2 {[%clk 1:28:33]} Be7 {[%clk 1:32:50]} 7. O-O {[%clk 1:27:18]} Nc6
{[%clk 1:33:06]} 8. Re1 {[%clk 1:19:43]} Qc7 {[%clk 1:21:50]} 9. Bg5
{[%clk 1:17:46]} O-O-O {[%clk 1:17:15]} 10. Na3 {[%clk 1:12:09]} d5 11. e5
{[%clk 1:08:00]} c4 {[%clk 0:58:12]} 12. Bb1 {[%clk 1:04:19]} Nh5
{[%clk 0:55:13]} 13. Nb5 {[%clk 1:04:44]} Qd7 {[%clk 0:49:50]} 14. Bxe7
{[%clk 1:03:50]} Qxe7 {[%clk 0:49:56]} 15. Qe3 {[%clk 1:01:27]} g6
{[%clk 0:47:40]} 16. Ng5 {[%clk 1:01:41]} h6 {[%clk 0:45:38]} 17. Nxf7
{[%clk 0:59:51]} Qxf7 18. Nd6+ Rxd6 {[%clk 0:46:07]} 19. exd6 {[%clk 1:00:50]}
Kd7 {[%clk 0:38:33]} 20. Bc2 {[%clk 0:59:59]} Kxd6 {[%clk 0:34:57]} 21. g3
{[%clk 0:45:55]} g5 {[%clk 0:33:03]} 22. Re2 {[%clk 0:43:39]} Ng7
{[%clk 0:22:14]} 23. Rae1 {[%clk 0:42:57]} Bc8 {[%clk 0:21:49]} 24. b3
{[%clk 0:41:06]} cxb3 {[%clk 0:17:04]} 25. axb3 {[%clk 0:41:35]} Ba6
{[%clk 0:15:50]} 26. Bd3 {[%clk 0:40:18]} Bxd3 {[%clk 0:15:16]} 27. Qxd3
{[%clk 0:40:47]} Rf8 {[%clk 0:13:17]} 28. c4 {[%clk 0:39:08]} Qf3
{[%clk 0:11:49]} 29. c5+ {[%clk 0:35:01]} bxc5 {[%clk 0:08:16]} 30. dxc5+
{[%clk 0:33:41]} Kd7 {[%clk 0:07:52]} 31. Qh7 {[%clk 0:28:39]} Rf7
{[%clk 0:04:00]} 32. Qxh6 {[%clk 0:27:40]} Nd4 {[%clk 0:03:20]} 33. Ra2
{[%clk 0:27:31]} Kc6 {[%clk 0:03:15]} 34. Qh8 {[%clk 0:21:30]} Kb7
{[%clk 0:02:03]} 35. Rxa7+ {[%clk 0:20:11]} Kc6 {[%clk 0:02:29]} 36. Qc8+
{[%clk 0:18:57]} Kb5 {[%clk 0:02:58]} 37. Qa6+ {[%clk 0:18:41]} Kb4
{[%clk 0:02:34]} 38. Qa5+ {[%clk 0:08:28]} Kxb3 {[%clk 0:02:59]} 39. Rb1+
{[%clk 0:08:08]} Kc4 {[%clk 0:03:11]} 40. Qb4+ {[%clk 0:08:21]} Kd3
{[%clk 0:03:38]} 41. Ra3+ {[%clk 0:08:42]} 1-0

[Event "Ïåðâåíñòâî Ìîñêâû ïî øàõìàòàì 2015 ñðåäè ìàëü÷èêîâ (Ì19)"]
[Site "Moscow"]
[Date "2015.11.15"]
[Round "4.1"]
[White "Àëåêñàíäðîâñêèé, Äìèòðèé"]
[Black "Åëåöêèé, Èâàí"]
[Result "0-1"]
[WhiteElo "2183"]
[BlackElo "2365"]
[PlyCount "0"]
[EventDate "2015.11.12"]

1. e4 e6 {[%clk 1:26:51]} 2. d3 {[%clk 1:30:58]} c5 {[%clk 1:27:04]} 3. Nf3
{[%clk 1:31:13]} Nc6 {[%clk 1:27:14]} 4. Be2 {[%clk 1:31:11]} Nf6
{[%clk 1:22:45]} 5. O-O {[%clk 1:31:20]} Be7 {[%clk 1:22:46]} 6. c3
{[%clk 1:30:28]} d5 {[%clk 1:14:13]} 7. Nbd2 {[%clk 1:30:34]} O-O
{[%clk 1:14:23]} 8. Qc2 {[%clk 1:29:42]} b6 {[%clk 1:05:45]} 9. Rd1
{[%clk 1:25:24]} Bb7 {[%clk 1:04:22]} 10. Nf1 {[%clk 1:23:12]} Qc7
{[%clk 1:01:43]} 11. Bg5 {[%clk 1:21:23]} dxe4 {[%clk 0:53:30]} 12. dxe4
{[%clk 1:19:47]} Nxe4 {[%clk 0:52:10]} 13. Qxe4 {[%clk 1:10:00]} Nd4
{[%clk 0:52:35]} 14. Qh4 {[%clk 1:04:29]} Nxe2+ {[%clk 0:52:40]} 15. Kh1
{[%clk 1:03:15]} Bxf3 {[%clk 0:45:47]} 16. Bxe7 {[%clk 0:59:57]} Bxg2+
{[%clk 0:45:58]} 17. Kxg2 {[%clk 1:00:17]} Nf4+ {[%clk 0:46:24]} 18. Kg3
{[%clk 0:57:32]} Nd5+ {[%clk 0:46:30]} 0-1

[Event "Ïåðâåíñòâî Ìîñêâû ïî øàõìàòàì 2015 ñðåäè ìàëü÷èêîâ (Ì19)"]
[Site "Moscow"]
[Date "2015.11.15"]
[Round "4.2"]
[White "Òàðàñîâ, Àëåêñàíäð"]
[Black "Ñàâåíêîâ, Êîíñòàíòèí"]
[Result "0-1"]
[WhiteElo "2286"]
[BlackElo "2324"]
[PlyCount "0"]
[EventDate "2015.11.12"]


1. d4 {[%clk 1:30:56]} Nf6 {[%clk 1:30:52]} 2. Nf3 {[%clk 1:31:17]} g6
{[%clk 1:31:18]} 3. c4 {[%clk 1:31:40]} Bg7 {[%clk 1:31:45]} 4. g3
{[%clk 1:32:03]} O-O {[%clk 1:31:35]} 5. Bg2 {[%clk 1:32:23]} d5 {[%clk 1:31:41]}
6. cxd5 {[%clk 1:31:12]} Nxd5 {[%clk 1:30:46]} 7. O-O {[%clk 1:31:19]} Nc6
{[%clk 1:31:14]} 8. Nc3 {[%clk 1:31:42]} e5 {[%clk 1:31:33]} 9. Nxe5
{[%clk 1:01:49]} Nxc3 {[%clk 1:23:00]} 10. Nxc6 {[%clk 0:58:57]} Nxd1
{[%clk 1:18:32]} 11. Nxd8 {[%clk 0:58:33]} Nxf2 {[%clk 0:57:12]} 12. Nxb7
{[%clk 0:55:42]} Ng4 {[%clk 0:45:47]} 13. e3 {[%clk 0:40:26]} Rb8
{[%clk 0:41:39]} 14. Na5 {[%clk 0:39:22]} Re8 {[%clk 0:41:16]} 15. Re1
{[%clk 0:27:00]} Bd7 {[%clk 0:23:33]} 16. h3 {[%clk 0:23:29]} Nh6
{[%clk 0:23:34]} 17. Nb3 {[%clk 0:21:47]} Nf5 {[%clk 0:22:05]} 18. Kf2
{[%clk 0:21:41]} Be6 19. g4 {[%clk 0:17:23]} Nd6 {[%clk 0:20:28]} 20. Nc5
{[%clk 0:17:34]} Bc8 {[%clk 0:20:09]} 21. b3 {[%clk 0:15:31]} f5 {[%clk 0:18:34]}
22. g5 {[%clk 0:08:06]} f4 {[%clk 0:18:50]} 23. Bb2 {[%clk 0:07:56]} fxe3+
{[%clk 0:16:56]} 24. Rxe3 {[%clk 0:08:03]} Rf8+ {[%clk 0:16:41]} 25. Kg1
{[%clk 0:07:13]} Nf5 {[%clk 0:16:58]} 26. Re4 {[%clk 0:06:37]} Rb5
{[%clk 0:15:50]} 27. Rc1 {[%clk 0:06:25]} Rd8 {[%clk 0:15:45]} 28. Bf1
{[%clk 0:04:46]} Rb6 {[%clk 0:15:00]} 29. Bc4+ {[%clk 0:02:21]} Kh8
{[%clk 0:15:23]} 30. Rce1 {[%clk 0:01:58]} Nd6 {[%clk 0:15:42]} 31. Re7
{[%clk 0:01:51]} Bf8 {[%clk 0:15:28]} 32. R7e2 {[%clk 0:01:30]} Nxc4
{[%clk 0:14:53]} 33. bxc4 {[%clk 0:01:59]} Bxh3 {[%clk 0:14:54]} 34. Nb3
{[%clk 0:01:35]} Kg8 {[%clk 0:14:38]} 35. Re8 {[%clk 0:00:47]} Rxe8
{[%clk 0:13:37]} 36. Rxe8 {[%clk 0:01:17]} Ra6 {[%clk 0:12:07]} 37. Bc3
{[%clk 0:01:01]} Kf7 {[%clk 0:12:06]} 38. Re2 {[%clk 0:01:25]} Bf5
{[%clk 0:11:52]} 39. d5 {[%clk 0:00:57]} Ra4 {[%clk 0:11:11]} 40. Na5
{[%clk 0:00:43]} Bc5+ {[%clk 0:10:57]} 41. Kh1 {[%clk 0:00:38]} Bd3
{[%clk 0:10:50]} 42. Re6 {[%clk 0:00:31]} Ra3 {[%clk 0:03:41]} 43. Rc6
{[%clk 0:00:33]} Be4+ {[%clk 0:03:31]} 44. Kh2 {[%clk 0:01:02]} Bd6+
{[%clk 0:03:41]} 45. Rxd6 {[%clk 0:01:04]} cxd6 {[%clk 0:04:04]} 46. Bb4
{[%clk 0:01:27]} Rxa2+ {[%clk 0:04:19]} 47. Kg3 {[%clk 0:01:56]} Ra4
{[%clk 0:02:51]} 48. Nc6 {[%clk 0:02:10]} Ke8 {[%clk 0:01:19]} 49. Kf4
{[%clk 0:01:43]} Bxd5 {[%clk 0:01:26]} 50. cxd5 {[%clk 0:01:32]} a5
{[%clk 0:01:55]} 0-1

[Event "Ïåðâåíñòâî Ìîñêâû ïî øàõìàòàì 2015 ñðåäè ìàëü÷èêîâ (Ì19)"]
[Site "Moscow"]
[Date "2015.11.15"]
[Round "4.3"]
[White "Ìàòþíèí, Âëàäèñëàâ"]
[Black "Ñàëüìàí, Ïàâåë"]
[Result "0-1"]
[WhiteElo "2062"]
[BlackElo "2196"]
[PlyCount "0"]
[EventDate "2015.11.12"]

1. d4 {[%clk 1:30:59]} Nf6 {[%clk 1:30:48]} 2. c4 {[%clk 1:31:23]} e6
{[%clk 1:31:09]} 3. Nc3 {[%clk 1:31:49]} Bb4 {[%clk 1:31:22]} 4. e3
{[%clk 1:32:13]} O-O {[%clk 1:31:30]} 5. Bd3 {[%clk 1:32:39]} d5 {[%clk 1:30:48]}
6. Nge2 {[%clk 1:30:44]} c6 {[%clk 1:24:40]} 7. O-O {[%clk 1:29:23]} Nbd7
{[%clk 1:23:22]} 8. a3 {[%clk 1:26:57]} Be7 {[%clk 1:23:27]} 9. cxd5
{[%clk 1:24:04]} exd5 {[%clk 1:23:33]} 10. b4 {[%clk 1:22:23]} Re8
{[%clk 1:19:35]} 11. Bd2 {[%clk 1:19:49]} Nf8 {[%clk 1:17:21]} 12. b5
{[%clk 1:19:06]} c5 {[%clk 1:15:13]} 13. dxc5 {[%clk 1:13:23]} Bxc5
{[%clk 1:15:37]} 14. Nd4 {[%clk 1:12:03]} Ng6 {[%clk 1:06:50]} 15. Nce2
{[%clk 1:07:56]} Ne5 {[%clk 1:04:30]} 16. Bb1 {[%clk 1:05:05]} Nc4
{[%clk 0:58:08]} 17. a4 {[%clk 1:01:15]} Ne4 {[%clk 0:47:16]} 18. Bc3
{[%clk 0:58:11]} g6 {[%clk 0:39:57]} 19. Ba2 {[%clk 0:46:17]} Qe7
{[%clk 0:26:54]} 20. Rc1 {[%clk 0:36:30]} Ba3 {[%clk 0:24:33]} 21. Rc2
{[%clk 0:36:08]} Bd7 {[%clk 0:16:19]} 22. Nf4 {[%clk 0:31:48]} Qd6 23. Nf3
{[%clk 0:26:07]} Be6 {[%clk 0:09:09]} 24. Qd4 {[%clk 0:26:18]} Nxc3
{[%clk 0:09:06]} 25. Bxc4 {[%clk 0:24:53]} Rac8 {[%clk 0:01:34]} 26. Nxe6
{[%clk 0:23:20]} fxe6 {[%clk 0:02:01]} 27. Qxc3 {[%clk 0:18:31]} Rxc4
{[%clk 0:02:20]} 28. Qb3 {[%clk 0:18:06]} Rec8 {[%clk 0:02:20]} 29. Rxc4
{[%clk 0:18:16]} Rxc4 {[%clk 0:02:30]} 30. h3 {[%clk 0:16:16]} Qb4
{[%clk 0:02:05]} 31. Qxb4 {[%clk 0:16:41]} Bxb4 {[%clk 0:02:20]} 32. Ng5
{[%clk 0:16:28]} e5 {[%clk 0:02:06]} 33. Rd1 {[%clk 0:15:28]} d4 {[%clk 0:01:16]}
34. Nf3 {[%clk 0:15:35]} dxe3 {[%clk 0:02:15]} 35. fxe3 {[%clk 0:15:56]} Bc5
{[%clk 0:02:18]} 36. Nxe5 {[%clk 0:15:43]} Bxe3+ {[%clk 0:02:17]} 37. Kf1
{[%clk 0:16:05]} Rf4+ {[%clk 0:01:38]} 38. Ke2 {[%clk 0:16:09]} Bb6
{[%clk 0:02:07]} 39. Ng4 {[%clk 0:15:41]} h5 {[%clk 0:01:56]} 40. Ne3
{[%clk 0:13:42]} Rxa4 {[%clk 0:02:03]} 41. Nd5 {[%clk 0:13:24]} Ra2+
{[%clk 0:02:08]} 42. Rd2 {[%clk 0:12:46]} Rxd2+ {[%clk 0:02:18]} 43. Kxd2
{[%clk 0:13:13]} Ba5+ {[%clk 0:02:47]} 44. Kd3 {[%clk 0:13:36]} Kf7
{[%clk 0:03:05]} 45. Ke4 {[%clk 0:12:57]} Be1 {[%clk 0:02:25]} 46. g4
{[%clk 0:12:28]} h4 {[%clk 0:02:13]} 47. Nf4 {[%clk 0:11:47]} a6 {[%clk 0:01:42]}
48. bxa6 {[%clk 0:11:11]} bxa6 {[%clk 0:02:11]} 49. Nd3 {[%clk 0:11:17]} Bc3
{[%clk 0:02:12]} 50. Kd5 {[%clk 0:11:34]} Ke7 {[%clk 0:01:46]} 51. Nc5
{[%clk 0:11:18]} a5 {[%clk 0:02:11]} 52. Na4 {[%clk 0:11:45]} Be1
{[%clk 0:02:07]} 53. Nb6 {[%clk 0:12:06]} Bf2 {[%clk 0:02:10]} 54. Na4
{[%clk 0:12:32]} Kf7 {[%clk 0:02:19]} 55. Nc3 {[%clk 0:12:56]} Be1
{[%clk 0:02:36]} 56. Na4 {[%clk 0:13:21]} Bb4 {[%clk 0:02:46]} 57. Nb2
{[%clk 0:13:39]} Kf6 {[%clk 0:02:52]} 58. Na4 {[%clk 0:14:04]} Ke7
{[%clk 0:01:41]} 59. Nb2 {[%clk 0:14:23]} Bd2 {[%clk 0:01:31]} 60. Na4
{[%clk 0:14:43]} g5 {[%clk 0:01:03]} 61. Nb6 {[%clk 0:14:53]} Bb4
{[%clk 0:01:11]} 62. Na4 {[%clk 0:15:17]} Kd7 {[%clk 0:01:34]} 63. Nb6+
{[%clk 0:15:36]} Kc7 {[%clk 0:01:39]} 64. Na4 {[%clk 0:15:47]} Kb7
{[%clk 0:01:38]} 65. Nb2 {[%clk 0:15:42]} Kb6 {[%clk 0:01:53]} 66. Kc4
{[%clk 0:15:14]} Kc6 {[%clk 0:02:22]} 67. Na4 {[%clk 0:14:41]} Kd6
{[%clk 0:02:34]} 68. Kd4 {[%clk 0:14:27]} Ba3 {[%clk 0:02:34]} 69. Ke4
{[%clk 0:14:09]} Kc6 {[%clk 0:02:48]} 70. Nc3 {[%clk 0:07:51]} Kc5
{[%clk 0:02:40]} 71. Kd3 {[%clk 0:07:58]} Bc1 {[%clk 0:02:33]} 72. Kc2
{[%clk 0:08:06]} Bf4 {[%clk 0:02:45]} 73. Kd3 {[%clk 0:08:29]} Bc1
{[%clk 0:02:27]} 74. Kc2 {[%clk 0:08:56]} Be3 {[%clk 0:02:48]} 75. Kd3
{[%clk 0:09:20]} Bf4 {[%clk 0:03:17]} 76. Ne2 {[%clk 0:08:38]} a4
{[%clk 0:01:31]} 77. Nc3 {[%clk 0:08:06]} a3 {[%clk 0:02:01]} 78. Na2
{[%clk 0:08:29]} Kb5 {[%clk 0:01:51]} 79. Kc3 {[%clk 0:08:39]} Ka4
{[%clk 0:01:43]} 80. Kc2 {[%clk 0:09:00]} Be5 {[%clk 0:02:03]} 81. Nc1
{[%clk 0:09:27]} Bd6 {[%clk 0:01:51]} 82. Kc3 {[%clk 0:09:34]} Kb5
{[%clk 0:02:00]} 83. Na2 {[%clk 0:08:15]} Kc5 {[%clk 0:02:13]} 84. Nb4
{[%clk 0:08:35]} Be5+ {[%clk 0:02:24]} 85. Kb3 {[%clk 0:09:00]} Kd4
{[%clk 0:02:33]} 86. Nc2+ {[%clk 0:08:27]} Ke4 {[%clk 0:02:40]} 87. Nxa3
{[%clk 0:08:49]} Kf3 {[%clk 0:02:55]} 88. Nc4 {[%clk 0:09:16]} Bf4
{[%clk 0:03:14]} 89. Kc2 {[%clk 0:09:28]} Kg3 {[%clk 0:03:22]} 90. Kd3
{[%clk 0:09:25]} Kxh3 {[%clk 0:03:41]} 91. Ke2 {[%clk 0:09:53]} Kg2
{[%clk 0:02:58]} 92. Nb2 {[%clk 0:10:10]} h3 {[%clk 0:03:12]} 0-1

[Event "Ïåðâåíñòâî Ìîñêâû ïî øàõìàòàì 2015 ñðåäè ìàëü÷èêîâ (Ì19)"]
[Site "Moscow"]
[Date "2015.11.15"]
[Round "4.4"]
[White "Òèòîâ, Åâãåíèé"]
[Black "Ïàÿíèäè, ßíèñ"]
[Result "1/2-1/2"]
[WhiteElo "2057"]
[BlackElo "2178"]
[PlyCount "0"]
[EventDate "2015.11.12"]

1. d4 {[%clk 1:30:56]} Nf6 {[%clk 1:18:59]} 2. c4 {[%clk 1:31:12]} d6
{[%clk 1:16:34]} 3. Nf3 {[%clk 1:29:03]} g6 {[%clk 1:16:17]} 4. Nc3
{[%clk 1:29:21]} Bg7 {[%clk 1:16:45]} 5. e4 {[%clk 1:29:26]} O-O {[%clk 1:17:10]}
6. Be2 {[%clk 1:29:49]} e5 {[%clk 1:17:38]} 7. O-O {[%clk 1:29:58]} Nc6
{[%clk 1:17:55]} 8. d5 {[%clk 1:30:03]} Ne7 {[%clk 1:18:23]} 9. Ne1
{[%clk 1:30:23]} Ne8 {[%clk 1:18:41]} 10. Nd3 {[%clk 1:30:43]} f5
{[%clk 1:19:06]} 11. Bd2 {[%clk 1:30:53]} Nf6 {[%clk 1:19:31]} 12. f3
{[%clk 1:31:12]} f4 {[%clk 1:19:59]} 13. c5 {[%clk 1:30:55]} g5 {[%clk 1:20:06]}
14. cxd6 {[%clk 1:31:01]} cxd6 {[%clk 1:20:35]} 15. Nf2 {[%clk 1:31:21]} h5
{[%clk 1:20:42]} 16. h3 {[%clk 1:31:16]} Kh8 {[%clk 1:20:21]} 17. Qc2
{[%clk 1:30:59]} a6 {[%clk 1:18:02]} 18. a4 {[%clk 1:28:55]} Rg8 {[%clk 1:18:28]}
19. Rfc1 {[%clk 1:29:17]} Bh6 {[%clk 1:18:31]} 20. Qd1 {[%clk 1:29:32]} Rg7
{[%clk 1:02:33]} 21. Ra3 {[%clk 1:21:59]} Qg8 {[%clk 1:01:07]} 22. Nb1
{[%clk 1:22:06]} a5 {[%clk 0:44:53]} 23. Rac3 {[%clk 1:06:26]} Kh7
{[%clk 0:42:22]} 24. Na3 {[%clk 1:03:43]} g4 {[%clk 0:42:26]} 25. fxg4
{[%clk 1:03:24]} hxg4 {[%clk 0:42:51]} 26. hxg4 {[%clk 1:03:48]} Bxg4
{[%clk 0:43:09]} 27. Bxg4 {[%clk 1:04:07]} Nxg4 {[%clk 0:43:33]} 28. Nxg4
{[%clk 1:03:49]} Rxg4 {[%clk 0:43:55]} 29. Qe2 {[%clk 1:04:09]} Qg7
{[%clk 0:40:17]} 30. Rf1 {[%clk 1:02:19]} Rg8 {[%clk 0:39:16]} 31. Rf2
{[%clk 1:02:39]} Qg6 {[%clk 0:38:16]} 32. Rh3 {[%clk 0:45:26]} Rg7
{[%clk 0:36:10]} 33. Rh2 {[%clk 0:42:13]} b6 {[%clk 0:29:57]} 34. Rf3
{[%clk 0:41:36]} Rg3 {[%clk 0:27:51]} 35. Be1 {[%clk 0:35:40]} Rxf3
{[%clk 0:27:19]} 36. Qxf3 {[%clk 0:33:55]} Ng8 37. Bh4 {[%clk 0:16:53]} Qe8
{[%clk 0:16:44]} 38. b3 {[%clk 0:16:33]} Rg6 {[%clk 0:15:22]} 39. Qc3
{[%clk 0:14:20]} Qf7 {[%clk 0:14:12]} 40. Rh3 {[%clk 0:14:04]} Rg4
{[%clk 0:13:21]} 41. Qf3 {[%clk 0:13:14]} Rg7 {[%clk 0:11:34]} 42. Nc4
{[%clk 0:13:08]} Qc7 {[%clk 0:10:48]} 43. Qf2 {[%clk 0:10:30]} Rg4
{[%clk 0:09:08]} 44. Qf3 {[%clk 0:08:58]} Rg6 {[%clk 0:09:10]} 45. Bf2
{[%clk 0:08:59]} Nf6 {[%clk 0:08:14]} 46. Bxb6 {[%clk 0:09:07]} Qc8
{[%clk 0:05:48]} 47. Nxd6 {[%clk 0:05:26]} Qc1+ {[%clk 0:05:06]} 48. Qf1
{[%clk 0:05:53]} Qxf1+ {[%clk 0:05:34]} 49. Kxf1 {[%clk 0:06:16]} Nxd5
{[%clk 0:05:30]} 50. exd5 {[%clk 0:05:36]} Rxd6 {[%clk 0:05:56]} 51. Bc5
{[%clk 0:05:53]} Rd8 {[%clk 0:05:35]} 52. Be7 {[%clk 0:06:00]} Rxd5
{[%clk 0:05:28]} 53. Bf8 {[%clk 0:06:25]} Rd1+ {[%clk 0:04:32]} 54. Ke2
{[%clk 0:06:26]} Rg1 {[%clk 0:04:38]} 55. Kf2 {[%clk 0:06:16]} Rb1
{[%clk 0:05:04]} 56. Bxh6 {[%clk 0:05:58]} Kg6 {[%clk 0:05:31]} 57. Bf8
{[%clk 0:05:44]} e4 {[%clk 0:05:39]} 58. Bd6 {[%clk 0:04:01]} e3+
{[%clk 0:05:36]} 59. Ke2 {[%clk 0:02:18]} Rb2+ {[%clk 0:05:53]} 60. Ke1
{[%clk 0:01:25]} Rb1+ {[%clk 0:06:19]} 61. Ke2 {[%clk 0:01:02]} Rb2+
{[%clk 0:06:48]} 1/2-1/2